[Event "7th Gibtelecom Masters"]
[Site "Caleta ENG"]
[Date "2009.01.30"]
[Round "4"]
[White "Spence,D"]
[Black "Bruno,Fabi"]
[Result "1-0"]
[WhiteElo "2223"]
[BlackElo "2461"]

1.e4 c5 2.c3 Nf6 3.e5 Nd5 4.Nf3 d6 5.d4 cxd4 6.cxd4 Nc6 7.Bc4 e6 8.O-O Be7
9.Qe2 O-O 10.Nc3 Nxc3 11.bxc3 dxe5 12.dxe5 Qc7 13.Qe4 b6 14.Bd3 g6 15.Bh6 Rd8
16.Rad1 Bb7 17.Qf4 Rd7 18.Bb1 Rad8 19.Rc1 Na5 20.Ng5 f5 21.h4 Nc4 22.Rfe1 Qc6
23.Qg3 Ba3 24.Rc2 Rd1 25.Re2 Bc1 26.Nxe6 Bxh6 27.Nxd8 Rxd8 28.Bxf5 Nd2 29.e6 Bf4
30.Qg4 Re8 31.h5 Re7 32.hxg6 h5 33.Qh3 Kg7 34.Rd1 Qd5 35.Kh1 Ba6 36.Qh4 Bxe2
37.Qxe7+ Kh6 38.g7 Qxf5 39.g8=Q Be5 40.Qef8+  1-0

[Event "FINEC GM"]
[Site "St Petersburg RUS"]
[Date "2009.01.30"]
[Round "3"]
[White "Abasov,N"]
[Black "Brodsky,M"]
[Result "1/2-1/2"]
[WhiteElo "2397"]
[BlackElo "2518"]

1.e4 c5 2.c3 Nf6 3.e5 Nd5 4.d4 cxd4 5.Nf3 Nc6 6.cxd4 d6 7.Nc3 dxe5 8.Nxe5 Nxc3
9.Nxc6 Nxd1 10.Nxd8 Kxd8 11.Kxd1 Bf5 12.Bc4 e6 13.Be3 Bd6 14.Ke2 Ke7  1/2-1/2

[Event "14th HIT Open"]
[Site "Nova Gorica SLO"]
[Date "2009.02.02"]
[Round "4"]
[White "Zorko,Ju"]
[Black "Palac,M"]
[Result "1/2-1/2"]
[WhiteElo "2396"]
[BlackElo "2553"]

1.e4 c5 2.c3 Nf6 3.e5 Nd5 4.d4 cxd4 5.Nf3 Nc6 6.cxd4 d6 7.Bc4 Nb6 8.Bb5 Bd7
9.exd6 e6 10.Bg5 f6 11.Bh4 Bxd6 12.Nc3 Ne7 13.Bd3 Bc6 14.O-O Nbd5 15.Bg3 Bxg3
16.hxg3 Qd7 17.Re1 O-O 18.Qe2 Nc7 19.Bc4 Ned5 20.Nxd5 Bxd5 21.Bxd5 Qxd5 22.Rac1 Qd7
23.Qe4 Rab8 24.Rc5 Rfe8 25.Rec1 Nd5 26.a3 b6 27.R5c2 Rbc8 28.Qe2 Rxc2 29.Qxc2 Ne7
30.Qc7 Rd8 31.g4 h6 32.Qxd7 Rxd7 33.Kf1 Kf7 34.Ke2 Ke8 35.g3 Kd8 36.Kd3 Rd5
37.b3 Kd7 38.Ke4 Nc6 39.Rc3 Ra5 40.b4 Rd5 41.Rd3 a5 42.bxa5 Rxa5 43.Nd2 Ra4
44.Ke3 Ne7 45.Rb3 Nc6 46.Rd3 Kc7 47.f3 Ne7 48.Rc3+ Kb7 49.Rb3 Nc6 50.Rd3 Kc7
51.Rc3 Ra5 52.Rd3 Ne7 53.Rc3+ Kd7 54.Rb3 Ra4 55.Nb1 Nd5+ 56.Kd3 Kc6 57.Nd2 Ra8
58.Nc4 b5 59.Nd2 f5 60.Ke2 g5 61.Nf1 Ra4 62.Kd3 b4 63.axb4 Nxb4+ 64.Kc3 Nd5+
65.Kd3 Nb4+ 66.Kc3 Nd5+ 67.Kd3 Ra2 68.Nd2 fxg4 69.fxg4 Nf6 70.Nc4 Nxg4 71.Rb6+ Kd7
72.Rb7+ Kd8 73.Ke4 h5 74.Rg7 Re2+ 75.Kf3 Rf2+ 76.Ke4 Re2+ 77.Kf3 Rc2 78.Nd6 Rc3+
79.Kg2 Ne3+ 80.Kf2 Ng4+ 81.Kg2 Rc2+ 82.Kf3 Rc3+ 83.Kg2 Rd3 84.Nf7+ Ke7 85.Ne5+ Kf8
86.Rxg5 Rxd4 87.Rxh5  1/2-1/2

[Event "14th HIT Open"]
[Site "Nova Gorica SLO"]
[Date "2009.02.05"]
[Round "7"]
[White "Pavasovic,D"]
[Black "Saric,A"]
[Result "1-0"]
[WhiteElo "2598"]
[BlackElo "2514"]

1.e4 c5 2.c3 Nf6 3.e5 Nd5 4.Nf3 Nc6 5.d4 cxd4 6.cxd4 d6 7.Bc4 Nb6 8.Bb3 dxe5
9.d5 Na5 10.Nc3 Bg4 11.Be3 Nxb3 12.Qxb3 Bxf3 13.gxf3 g6 14.O-O-O Bg7 15.Kb1 O-O
16.Ne4 Qc7 17.Rd3 Rfc8 18.d6 exd6 19.Nxd6 Rf8 20.Rc1 Qe7 21.Bxb6 axb6 22.Ne4 Rad8
23.Rxd8 Qxd8 24.Rd1 Qc7 25.Rd6 Rc8 26.a3 b5 27.Qxb5 f5 28.Qd5+ Kh8 29.Rd7 Qc2+
30.Ka2 h6 31.Nd6 Rg8 32.Qf7 e4 33.Rxb7 Qd2 34.Ne8  1-0

[Event "14th HIT Open"]
[Site "Nova Gorica SLO"]
[Date "2009.02.06"]
[Round "8"]
[White "Gjuran,D"]
[Black "Gombac,Jan"]
[Result "1/2-1/2"]
[WhiteElo "2344"]
[BlackElo "2293"]

1.e4 c5 2.c3 Nf6 3.e5 Nd5 4.d4 cxd4 5.Nf3 Nc6 6.cxd4 d6 7.Bc4 Nb6 8.Bb5 Bd7
9.Nc3 dxe5 10.Nxe5 Nxe5 11.dxe5 Bxb5 12.Nxb5 Qxd1+ 13.Kxd1 Nd5 14.Ke2 e6
15.Rd1 Bc5 16.Bd2 Ke7 17.Rac1 Rac8 18.Nc3 Nxc3+ 19.Rxc3 Bb6 20.Rdc1 Rxc3
21.Bxc3 Rc8 22.Rd1  1/2-1/2

[Event "80th ch-GER"]
[Site "Saarbruecken GER"]
[Date "2009.02.07"]
[Round "2"]
[White "Zelbel,P"]
[Black "Markgraf,Al"]
[Result "1/2-1/2"]
[WhiteElo "2294"]
[BlackElo "2463"]

1.e4 c5 2.c3 Nf6 3.e5 Nd5 4.d4 cxd4 5.Nf3 e6 6.cxd4 d6 7.Bc4 Nc6 8.O-O Be7
9.exd6 Qxd6 10.Nc3 Nxc3 11.bxc3 O-O 12.Re1 Bd7 13.Ng5 e5 14.Nxf7 Rxf7 15.Bxf7+ Kxf7
16.dxe5 Qxd1 17.Rxd1 Be6 18.Re1 Rc8 19.Be3 b6 20.f4 Ba3 21.Re2 Ne7 22.Bd4 Nd5
23.Rf2 g6 24.h3 h5 25.Re1 Bc5 26.Kh2 Nxc3 27.Bxc5 bxc5 28.Rc1 Na4 29.Rb1 Rc7
30.f5 gxf5 31.g4 Nc3 32.Re1 hxg4 33.hxg4 f4 34.Rxf4+ Ke7 35.g5 Nd5 36.Rh4 Bf5
37.Rh6 c4 38.Rd6 Be6 39.g6 c3 40.g7 Bg8 41.a3 Ke8 42.e6 c2 43.Rxd5 c1=Q 44.Rxc1 Rxc1
45.Rf5  1/2-1/2

[Event "73rd ch-BUL"]
[Site "Blagoevgrad BUL"]
[Date "2009.02.14"]
[Round "3"]
[White "Bojkov,D"]
[Black "Berbatov,K"]
[Result "1-0"]
[WhiteElo "2477"]
[BlackElo "2392"]

1.e4 c5 2.c3 Nf6 3.e5 Nd5 4.d4 e6 5.Nf3 cxd4 6.cxd4 d6 7.Bc4 Nb6 8.Bd3 dxe5
9.dxe5 Na6 10.Bg5 Be7 11.Bxe7 Qxe7 12.Nc3 Nc5 13.O-O Nxd3 14.Qxd3 Bd7 15.Ne4 O-O
16.Nd4 f6 17.Rfe1 fxe5 18.Nf3 Bc6 19.Nxe5 Bd5 20.Qh3 Rac8 21.Nc3 Qf6 22.Re2 Qf5
23.Qxf5 Rxf5 24.Rae1 Nc4 25.Nxd5 exd5 26.Nf3 h6 27.Rd1 Kf7 28.b3 Nb6 29.Nd4 Rf6
30.Rde1 Kg8 31.g3 Nd7 32.Re7 Rf7 33.Rxf7 Kxf7 34.Nf5 Rc2 35.Re7+ Kf6 36.Rxd7 Kxf5
37.Rxd5+ Ke6 38.Ra5 a6 39.h4 Kf6 40.Kg2 g6 41.h5 gxh5 42.Rxh5 Kg6 43.Ra5 h5
44.Kf3 Rb2 45.Ke3 Kf6 46.f3 Rg2 47.Kf4 Kg6 48.Rg5+ Kh6 49.Rd5 Rxa2 50.Rd6+ Kg7
51.Rd7+ Kf6 52.Rxb7 Ra5 53.Rb6+ Kg7 54.Rb4 Kf7 55.Ke3 Re5+ 56.Kf2 Ra5 57.Kg2 Ra1
58.Rh4 Ra5 59.Ra4 Rb5 60.b4 Rb6 61.Kh3 Kg6 62.Kh4 Kh6 63.f4 Rg6 64.Ra5 Rg4+
65.Kh3 Rg6 66.Rc5  1-0

[Event "FSIM February"]
[Site "Budapest HUN"]
[Date "2009.02.14"]
[Round "8"]
[White "Lyell,M"]
[Black "Cox,Tr"]
[Result "1-0"]
[WhiteElo "2287"]
[BlackElo "2131"]

1.e4 c5 2.c3 Nf6 3.e5 Nd5 4.Nf3 Nc6 5.d4 cxd4 6.Bc4 Nb6 7.Bb3 d6 8.exd6 Qxd6
9.O-O Be6 10.Na3 dxc3 11.Qe2 Bxb3 12.Nb5 Qb8 13.axb3 e5 14.Nfd4 Nxd4 15.Nxd4 f6
16.bxc3 Kf7 17.Nc2 Bd6 18.Be3 Qc7 19.Bxb6 axb6 20.Qd3 g6 21.Ne3 Qc6 22.Nc4 Rxa1
23.Nxd6+ Ke6 24.Rxa1 Qxd6 25.Qc4+ Qd5 26.Qc7 Qc6 27.Qg7 Qxc3 28.Rf1 Rd8 29.Qxh7 Qxb3
30.Qxg6 Qc4 31.g3 b5 32.h4 b4 33.h5 b3 34.h6 Qc2 35.Qg4+ Kd6 36.Rd1+ Kc7
37.Qg7+ Kb6 38.Qxf6+ Kb5 39.Qxd8 b2 40.Rd5+  1-0

[Event "73rd ch-BUL"]
[Site "Blagoevgrad BUL"]
[Date "2009.02.15"]
[Round "5"]
[White "Bojkov,D"]
[Black "Filev,G"]
[Result "1-0"]
[WhiteElo "2477"]
[BlackElo "2378"]

1.e4 c5 2.c3 Nf6 3.e5 Nd5 4.d4 cxd4 5.Nf3 e6 6.cxd4 d6 7.Bc4 Nc6 8.O-O Be7
9.exd6 Qxd6 10.Nc3 O-O 11.Re1 Rd8 12.Bb3 a6 13.Nxd5 exd5 14.Ne5 Be6 15.Bf4 Nxe5
16.Bxe5 Qd7 17.Re3 Bg5 18.f4 Be7 19.Bc2 Bf8 20.Qb1 f5 21.Rg3 Rdc8 22.Bd3 Rc6
23.Qf1 Rac8 24.h3 g6 25.Re3 Bf7 26.Kh2 Qd8 27.Rae1 Bb4 28.Rd1 Bf8 29.Rg3 Be6
30.Qe1 Qb6 31.Qe2 Kf7 32.Bb1 Qd8 33.Rb3 b5 34.Re3 Rc1 35.Rxc1 Rxc1 36.Bc2 Bb4
37.a3 Re1 38.Qf2 Rxe3 39.Qxe3 Be7 40.a4 Qa5 41.axb5 axb5 42.Qc1 h5 43.Bd3 Bd7
44.g3 h4 45.Kg2 hxg3 46.Kxg3 Qb6 47.h4 Qa5 48.Qd1 Kf8 49.h5 gxh5 50.Kh3 Qa6
51.Qxh5 Qe6 52.Be2 Bf6 53.Qh7 Be8 54.Bd3 Bxe5 55.Bxf5 Qb6 56.fxe5 Bf7 57.e6 Bxe6
58.Qh6+ Ke7 59.Qxe6+ Qxe6 60.Bxe6 Kxe6 61.Kg4 Kf6 62.Kf4 b4 63.b3  1-0

[Event "Winter Open"]
[Site "Stillwater USA"]
[Date "2009.02.16"]
[Round "6"]
[White "Orton,W"]
[Black "Adelberg,D"]
[Result "0-1"]
[WhiteElo "2162"]
[BlackElo "2131"]

1.e4 c5 2.c3 Nf6 3.e5 Nd5 4.d4 cxd4 5.cxd4 d6 6.Nf3 Nc6 7.Qb3 dxe5 8.Bc4 e6
9.dxe5 Na5 10.Qa4+ Bd7 11.Bb5 Bb4+ 12.Bd2 a6 13.Bxd7+ Qxd7 14.Qxd7+ Kxd7
15.O-O Ke7 16.Bg5+ f6 17.Bh4 Rac8 18.Na3 Bxa3 19.bxa3 Rc3 20.Rfe1 Rhc8 21.Rad1 Kf7
22.exf6 gxf6 23.Nd4 e5 24.Nf5 Nc4 25.Rxd5 Ke6 26.Red1 Kxf5 27.Rd7 Na5 28.Rxh7 Rxa3
29.Rf7 Rc6 30.h3 Kg6 31.Rfd7 Rxa2 32.R1d3 Ra4 33.Rg3+ Kf5 34.Rf3+ Ke6 35.Rh7 Rf4
36.Rg3 Rcc4 37.Ra3 Rxh4 38.Rxh4 Rxh4 39.Rxa5 Kd6 40.Kh2 Kc6 41.g4 Rh8 42.Kg3 Ra8
43.f4 exf4+ 44.Kxf4 Kd6 45.Kf5 Ke7 46.Rc5 Kd6 47.Rc3 a5 48.Kxf6 a4 49.g5 a3
50.Rc1 b5 51.g6 b4 52.g7 b3 53.Ra1 a2 54.h4 Rb8 55.h5 b2 56.Rxa2 b1=Q 57.Rd2+ Kc6
58.h6 Qh7 59.Rh2 Kc5  0-1

[Event "73rd ch-BUL"]
[Site "Blagoevgrad BUL"]
[Date "2009.02.21"]
[Round "12"]
[White "Bojkov,D"]
[Black "Nikolov,Mo"]
[Result "0-1"]
[WhiteElo "2477"]
[BlackElo "2478"]

1.e4 c5 2.c3 Nf6 3.e5 Nd5 4.d4 cxd4 5.cxd4 e6 6.Nf3 d6 7.Bc4 Nb6 8.Bd3 dxe5
9.dxe5 Na6 10.Bg5 Be7 11.Bxe7 Qxe7 12.Nc3 Nc5 13.Bc2 O-O 14.O-O Rd8 15.Qb1 h6
16.b4 Na6 17.a3 Nc7 18.Qe1 Nbd5 19.Nxd5 Nxd5 20.Qe4 g6 21.h4 h5 22.g4 hxg4
23.Qxg4 Kg7 24.h5 Rh8 25.Kg2 b6 26.Rh1 Bb7 27.hxg6 f5 28.Qd4 Qg5+ 29.Nxg5 Nf4+  0-1

[Event "25th Open"]
[Site "Cappelle la Grande FRA"]
[Date "2009.03.02"]
[Round "3"]
[White "Laurent,B"]
[Black "Frolyanov,D"]
[Result "1/2-1/2"]
[WhiteElo "2351"]
[BlackElo "2564"]

1.e4 c5 2.c3 Nf6 3.e5 Nd5 4.Nf3 e6 5.d4 cxd4 6.cxd4 d6 7.Bc4 Nc6 8.O-O Be7
9.exd6 Qxd6 10.Nc3 O-O 11.Re1 a6 12.Bb3 Rd8 13.Nxd5 exd5 14.Ne5 Nxe5 15.Bf4 Bg4
16.Bxe5 Qd7 17.Qd3 Bf5 18.Qf3 Bf8 19.h3 Rac8 20.Rac1 Be4 21.Qg4 Bf5 22.Qf3 Be4  1/2-1/2

[Event "25th Open"]
[Site "Cappelle la Grande FRA"]
[Date "2009.03.02"]
[Round "3"]
[White "Groz,J"]
[Black "Olszewski,Mi"]
[Result "0-1"]
[WhiteElo "2114"]
[BlackElo "2517"]

1.e4 c5 2.c3 Nf6 3.e5 Nd5 4.d4 cxd4 5.cxd4 d6 6.Nf3 e6 7.Nc3 Nxc3 8.bxc3 Qc7
9.Bd2 b6 10.Bd3 Bb7 11.O-O Nd7 12.Re1 Be7 13.Rc1 O-O 14.Ng5 Bxg5 15.exd6 Qd8
16.Qh5 h6 17.f4 Bf6 18.g4 Re8 19.g5 g6 20.Bxg6 fxg6 21.Qxg6+ Bg7 22.gxh6 Qf6
23.Qxg7+ Qxg7+ 24.hxg7 Kxg7 25.c4 Rac8 26.Be3 Kf7 27.Kf2 Rh8 28.Rg1 Rxh2+
29.Ke1 Rxa2 30.c5 Nf6 31.Rf1 Ba6 32.Rf2 Ra3 33.Bd2 Rh8 34.Kd1 Ne4 35.Rg2 Ra2
36.d7 Rh1+ 37.Be1 Rxg2  0-1

[Event "Spring"]
[Site "Mukachevo UKR"]
[Date "2009.03.02"]
[Round "11"]
[White "Karalkin,M"]
[Black "Kostromin,M"]
[Result "1/2-1/2"]
[WhiteElo "2190"]
[BlackElo "2378"]

1.e4 c5 2.c3 Nf6 3.e5 Nd5 4.Nf3 Nc6 5.Bc4 Nb6 6.Be2 d6 7.exd6 Qxd6 8.Na3 Bg4
9.d4 e6 10.Nb5 Qd7 11.h3 Bxf3 12.Bxf3 a6 13.dxc5 Bxc5 14.Qxd7+ Kxd7 15.Na3 Bxa3
16.bxa3 e5 17.O-O Kc7 18.Be4 Na4 19.f4 Nxc3 20.Bxc6 bxc6 21.fxe5 Rhf8 22.Be3 Ne4
23.Rac1 f5 24.exf6 Nxf6 25.Rf5 Kd7 26.Bd4 Nd5 27.Rxf8 Rxf8 28.Bxg7 Rg8 29.Bh6 Rg6
30.Bf8 Nf4 31.Rc4 Nxg2 32.Kf2 Rf6+ 33.Kxg2 Rxf8 34.Ra4 c5 35.Rxa6 c4 36.Ra4 Rc8
37.Kf2 c3 38.Rd4+ Ke6 39.Rd1 c2 40.Rc1 Rc3 41.Ke2  1/2-1/2

[Event "25th Open"]
[Site "Cappelle la Grande FRA"]
[Date "2009.03.04"]
[Round "6"]
[White "Goreskul,A"]
[Black "Lalic,B"]
[Result "1/2-1/2"]
[WhiteElo "2270"]
[BlackElo "2538"]

1.e4 c5 2.c3 Nf6 3.e5 Nd5 4.g3 d6 5.exd6 Qxd6 6.Bg2 Nc6 7.Ne2 Bf5 8.d4 cxd4
9.Nxd4 Qe5+ 10.Qe2 Qxe2+ 11.Nxe2 O-O-O 12.Nf4 Nb6 13.Nd2 e5 14.Ne2 Bd3 15.Be4 f5
16.Bxd3 Rxd3 17.O-O Be7 18.Re1 Rhd8 19.Nf1 g6 20.Kg2 R3d7 21.f3 Na4 22.b3 Nc5
23.Be3 Nd3 24.Reb1 Ba3 25.Bg5 Rh8 26.Rd1 h6 27.Be3 g5 28.Rd2 f4 29.Rad1 Rhd8
30.Bg1 Ne1+ 31.Kf2 Nd3+ 32.Kg2 b6 33.g4 Bc5 34.Bxc5 bxc5 35.c4 Ne1+ 36.Kf2 Rxd2
37.Rxd2 Nd3+ 38.Kg2 e4 39.fxe4 Nce5 40.Nc3 Nxg4 41.Nd5 Nge5 42.h3 h5 43.Nh2 Rd7
44.Nf3 Nxf3 45.Kxf3 Ne5+ 46.Kg2 Rf7 47.Rd1 g4 48.hxg4 hxg4 49.Rf1 Ng6 50.Rh1 Kd7  1/2-1/2

[Event "Eastern Class Ch"]
[Site "Sturbridge USA"]
[Date "2009.03.06"]
[Round "1"]
[White "Prawira,D"]
[Black "Shabalov,A"]
[Result "0-1"]
[WhiteElo "2077"]
[BlackElo "2578"]

1.e4 c5 2.c3 Nf6 3.e5 Nd5 4.d4 cxd4 5.cxd4 d6 6.Nf3 Bg4 7.Qb3 Nb6 8.Ng5 e6
9.Bb5+ Nc6 10.O-O d5 11.Be3 Be7 12.f4 O-O 13.Nd2 Rc8 14.Rac1 Na5 15.Qd3 Bxg5
16.fxg5 a6 17.b4 axb5 18.bxa5 Nc4 19.Nxc4 dxc4 20.Qc3 Ra8 21.Bd2 Be2 22.Rf4 Bd3
23.Qb4 Qd5 24.Qc5 Qd7 25.a3 Ra6 26.h4 Rc8 27.Qb4 Rca8 28.Qb2 b6 29.axb6 Rxa3
30.Bb4 Ra2 31.Qc3 Qc6 32.Rg4 Qxb6 33.h5 Qb7 34.h6 Bf5 35.Rg3 Qe4 36.hxg7 Qh4
37.Bc5 Be4 38.Qe3 Bxg2 39.Rxg2 Rxg2+ 40.Kxg2 Ra2+ 41.Kf3 Qh3+ 42.Kf4 Qh2+
43.Qg3 Rf2+ 44.Kg4 Rg2 45.Rc3 Kxg7 46.Be7 Kg6 47.Qxg2 Qxg2+ 48.Rg3 Qe4+ 49.Kh3 Qxd4
50.Bd6 c3 51.Rf3 c2 52.Rf6+ Kg7 53.g6 hxg6 54.Rf3 c1=Q  0-1

[Event "10th EICC"]
[Site "Budva MNE"]
[Date "2009.03.11"]
[Round "6"]
[White "Drazic,S"]
[Black "Bosiocic,Mari"]
[Result "0-1"]
[WhiteElo "2513"]
[BlackElo "2578"]

1.e4 c5 2.c3 Nf6 3.e5 Nd5 4.g3 d6 5.exd6 e6 6.Bg2 Bxd6 7.Ne2 Nc6 8.O-O O-O
9.d4 cxd4 10.Nxd4 Nxd4 11.Qxd4 Qc7 12.Nd2 Bd7 13.Re1 Bc6 14.Nf3 Ne7 15.a4 Nf5
16.Qc4 Rac8 17.Ng5 Bxg2 18.Qxc7 Bxc7 19.Kxg2 Rfd8 20.Nf3 Rd3 21.Be3 Nxe3+
22.Rxe3 Rxe3 23.fxe3 Rd8 24.Kf2 f5 25.Ke2 Kf7 26.Ra3 Rd7 27.Rb3 Bd6 28.Nd2 Rc7
29.Kd3 Kf6 30.Nc4 Bc5 31.a5 a6 32.Nb6 g5 33.Na4 Ba7 34.Nb6 h5 35.Rb4 g4 36.Rd4 Bxb6
37.axb6 Rc6 38.Rb4 Ke5 39.b3 Rd6+ 40.Ke2 Rd5 41.h3 a5 42.Ra4 gxh3 43.Rh4 Rb5
44.Rxh3 Rxb3 45.Kd3 Rxb6 46.e4 a4 47.exf5 exf5 48.Rxh5 a3 49.Rh2 Ra6 50.Ra2 Kd5
51.c4+ Kc5 52.Kc3 Rg6 53.Rg2 Rg4 54.Rf2 Rxg3+ 55.Kc2 Kxc4 56.Rf4+ Kb5 57.Rxf5+ Ka4
58.Rf4+ Ka5 59.Kb1 b5 60.Ka2 b4 61.Rf2 Ka4 62.Rf4 Rg2+ 63.Kb1 Rd2 64.Ka1 Kb3
65.Rf3+ Kc4 66.Rf4+ Kc3 67.Rf3+ Rd3 68.Rf1 b3 69.Kb1 Re3 70.Rd1 Re2 71.Ka1 Rc2
72.Rh1 b2+ 73.Kb1 Rc1+  0-1

[Event "10th EICC w"]
[Site "St Petersburg RUS"]
[Date "2009.03.11"]
[Round "4"]
[White "Jinova,L"]
[Black "Komiagina,M"]
[Result "1/2-1/2"]
[WhiteElo "2131"]
[BlackElo "2283"]

1.e4 c5 2.c3 Nf6 3.e5 Nd5 4.d4 cxd4 5.Nf3 e6 6.cxd4 d6 7.Nc3 Nxc3 8.bxc3 Qc7
9.Bd2 Nd7 10.Ng5 Nb6 11.Qh5 a6 12.Bd3 dxe5 13.O-O g6 14.Qh3 Bg7 15.Rfe1 h6
16.Nf3 exd4 17.cxd4 Nd5 18.Ne5 Ne7 19.Rac1 Qd8 20.Nc4 Bxd4 21.Bb4 O-O 22.Qxh6 a5
23.Bxe7 Qxe7 24.Ne5 Rd8 25.Bb1 Bxe5 26.Rxe5 Qf6 27.Rg5 Qg7 28.Qh4 Qd4 29.Qh5 Kf8
30.Qf3 Qd2 31.Rgc5 Kg7 32.h4 Bd7 33.Rd1 Qb4 34.Rc7 Be8 35.Rxd8 Rxd8 36.Rxb7 Qxh4
37.g3 Qd4 38.Bc2 Qc5 39.Bb3 Qc1+ 40.Kh2 Qh6+ 41.Kg2 Qc1 42.Kh2 Bd7 43.g4 Rh8+
44.Kg3 Qg1+ 45.Kf4 Qh2+ 46.Qg3 Bc6 47.Qxh2 Rxh2 48.Rc7 Rxf2+ 49.Ke3 Rf3+
50.Ke2 Rc3 51.Kd2 Rc5 52.Bxe6 Kf6 53.Bxf7 Kg5 54.Be6 Kf4 55.Rf7+ Ke5 56.Bb3 a4
57.Bc2 Bd5 58.Ra7 Bxa2 59.Rxa4  1/2-1/2

[Event "10th EICC w"]
[Site "St Petersburg RUS"]
[Date "2009.03.12"]
[Round "5"]
[White "Lupik,M"]
[Black "Nikanova,E"]
[Result "1-0"]
[WhiteElo "2163"]
[BlackElo "2049"]

1.e4 c5 2.c3 Nf6 3.e5 Nd5 4.d4 cxd4 5.Qxd4 e6 6.Nf3 d6 7.Nbd2 Nc6 8.Qe4 Be7
9.Nc4 dxe5 10.Ncxe5 Nxe5 11.Nxe5 O-O 12.Bd3 f5 13.Qe2 Bg5 14.Bxg5 Qxg5 15.g3 b6
16.f4 Qe7 17.O-O-O a5 18.a4 Qc5 19.Kb1 Ra7 20.Rhe1 Rc7 21.Bb5 Nf6 22.Qe3 Qxe3
23.Rxe3 Bb7 24.Rd6 Be4+ 25.Ka1 Re7 26.c4 g6 27.Bd7 Nxd7 28.Nxd7 Rff7 29.Nxb6 Kg7
30.c5 Rc7 31.Rc3 Rc6 32.Rxc6 Bxc6 33.Ka2 Kf6 34.Rd3 Rc7 35.Ka3 Be4 36.Rd7 Rxd7
37.Nxd7+ Ke7 38.Ne5 Kd8 39.b4 axb4+ 40.Kxb4 Kc7 41.Kb5 Bg2 42.c6 h6 43.h4 g5
44.hxg5 hxg5 45.fxg5 Kd6 46.Kb6  1-0

[Event "10th EICC w"]
[Site "St Petersburg RUS"]
[Date "2009.03.17"]
[Round "9"]
[White "Lupik,M"]
[Black "Savina,A"]
[Result "1/2-1/2"]
[WhiteElo "2163"]
[BlackElo "2297"]

1.e4 c5 2.c3 Nf6 3.e5 Nd5 4.d4 cxd4 5.Qxd4 e6 6.Nf3 Nc6 7.Qe4 f5 8.Qe2 Qc7
9.g3 b5 10.Bg2 a5 11.O-O Ba6 12.Rd1 Bc5 13.Ne1 Qxe5 14.Qxe5 Nxe5 15.Bxd5 exd5
16.Rxd5 d6 17.Bf4 O-O-O 18.Bxe5 Rhe8 19.Rxc5+ dxc5 20.f4 Rd1 21.Kf2 Red8
22.Nc2 Rh1 23.Ne3 Rxh2+ 24.Ke1 b4 25.c4 Rh1+ 26.Nf1 Bxc4 27.Nd2 Rxd2 28.Kxd2 Rxf1
29.Rxf1 Bxf1 30.Bxg7 Kd7 31.a3 Kc6 32.axb4 cxb4 33.Kc2 Kb5 34.Bf6 a4 35.Be7 Kc4
36.b3+ axb3+ 37.Kb2 h5 38.Bf6 Bd3 39.Be7 Bc2 40.Bd6 Kd5 41.Bxb4 Ke4 42.Be7 Kf3  1/2-1/2

[Event "Kaissa Women"]
[Site "Kharkiv UKR"]
[Date "2009.03.18"]
[Round "8"]
[White "Burtasova,A"]
[Black "Grapsa,G"]
[Result "1/2-1/2"]
[WhiteElo "2298"]
[BlackElo "2106"]

1.e4 c5 2.c3 Nf6 3.e5 Nd5 4.d4 e6 5.Nf3 cxd4 6.cxd4 d6 7.exd6 Bxd6 8.Nc3 Nxc3
9.bxc3 O-O 10.Bd3 Nd7 11.O-O h6 12.Rb1  1/2-1/2

[Event "TCh-AUT 1st Bundesliga 2008-9"]
[Site "Ansfelden AUT"]
[Date "2009.03.19"]
[Round "8"]
[White "Schmittdiel,E"]
[Black "Rausis,I"]
[Result "1/2-1/2"]
[WhiteElo "2438"]
[BlackElo "2501"]

1.e4 c5 2.c3 Nf6 3.e5 Nd5 4.d4 cxd4 5.cxd4 d6 6.Nf3 e6 7.Nc3 Nxc3 8.bxc3 Qc7
9.Bd2 Nd7 10.Bd3 dxe5 11.O-O g6 12.Qb3 Bg7 13.Qa3 Bf8 14.Qa4 Bg7 15.Qa3 Bf8
16.Qa4 Bg7 17.Qa3  1/2-1/2

[Event "10th EICC w"]
[Site "St Petersburg RUS"]
[Date "2009.03.19"]
[Round "11"]
[White "Brunello,M"]
[Black "Cherenkova,K"]
[Result "0-1"]
[WhiteElo "2106"]
[BlackElo "2270"]

1.e4 c5 2.c3 Nf6 3.e5 Nd5 4.d4 cxd4 5.Nf3 Nc6 6.cxd4 d6 7.Bc4 Nb6 8.Bb5 Bd7
9.exd6 e6 10.Bg5 Qb8 11.Bxc6 Bxc6 12.Be7 Bxe7 13.dxe7 Qd6 14.O-O Qxe7 15.Ne5 O-O
16.Nxc6 bxc6 17.Qc2 Rac8 18.Nc3 Rfd8 19.Rfd1 Nd5 20.Nxd5 Rxd5 21.Rac1 Qd7
22.Qa4 h6 23.g3 Rb5 24.b3 a5 25.Re1 Rd8 26.Rc4 Rf5 27.Qxc6 Qxc6 28.Rxc6 Rxd4
29.Rc2 a4 30.bxa4 Rxa4 31.h4 g5 32.hxg5 hxg5 33.Kg2 Rfa5 34.Ree2 g4 35.Rb2 Kg7
36.Red2 Kg6 37.Re2 Ra8 38.Red2 R4a6 39.Rd4 f5 40.Rdd2 Kf6 41.Re2 Rc8 42.Rb1 Rc5
43.Rb8 Rc1 44.Rf8+ Kg7 45.Re8 Kf7 46.Rb8 Rd6 47.f3 gxf3+ 48.Kxf3 Rd3+ 49.Kf2 Rcc3
50.Rb6 Rf3+ 51.Ke1 Rce3 52.Rxe3 Rxe3+ 53.Kf2 Ra3 54.Rb2 Kf6 55.Kg2 e5 56.Kf2 Kg5
57.Rb8 Rxa2+ 58.Kf3 e4+ 59.Ke3 Kg4 60.Rg8+ Kh3 61.Rg5 Ra3+ 62.Ke2 Rf3 63.Ke1 Kh2
64.Kd2 Kg2 65.Ke2 Rf2+ 66.Ke1 e3 67.Rg8 Kf3 68.Rg5 Ke4 69.Rg8 Ra2 70.Rg5 Kd3  0-1

[Event "Spring Open"]
[Site "Belgrade SRB"]
[Date "2009.03.21"]
[Round "1"]
[White "Nikolovska,D"]
[Black "Ristic,SB"]
[Result "1/2-1/2"]
[WhiteElo "1688"]
[BlackElo "2106"]

1.e4 c5 2.c3 Nf6 3.e5 Nd5 4.Nf3 e6 5.d4 d6 6.Bb5+ Bd7 7.Bxd7+ Nxd7 8.O-O Qc7
9.Re1 Be7 10.exd6 Qxd6 11.Nbd2 cxd4 12.Ne4 Qb6 13.Nxd4 O-O 14.Qc2 Rac8 15.Nf3 h6
16.a3 f5 17.Ng3 Rf6 18.Qd2 Nc5 19.Nd4 Nb3 20.Nxb3 Qxb3 21.Re2 Rd8 22.Qe1 Nb4
23.Bg5 Nd3 24.Bxf6 Nxe1 25.Bxe7 Nf3+ 26.gxf3 Rd1+ 27.Rxd1 Qxd1+ 28.Kg2 f4
29.Rxe6 fxg3 30.hxg3 Qc2 31.Bb4 b6 32.Re8+ Kh7 33.Rb8 a5 34.Bf8 Qxb2 35.Rb7 Qxc3
36.Rxb6 Qc7 37.Rb2 g5 38.Re2 Qc6 39.Re3 h5 40.Re5 Qf6 41.Rxa5  1/2-1/2

[Event "Spring Open"]
[Site "Belgrade SRB"]
[Date "2009.03.21"]
[Round "1"]
[White "Arsic,D"]
[Black "Vujadinovic,M"]
[Result "0-1"]
[WhiteElo "1764"]
[BlackElo "2173"]

1.e4 c5 2.c3 Nf6 3.e5 Nd5 4.d4 cxd4 5.cxd4 d6 6.Nf3 Nc6 7.Bc4 Nb6 8.Bb5 dxe5
9.Nxe5 Bd7 10.Nxd7 Qxd7 11.Be3 e6 12.O-O Be7 13.Nc3 O-O 14.Ne4 a6 15.Be2 Rfd8
16.Nc5 Qc7 17.Nb3 Nd5 18.Bd2 Bf6 19.Rc1 Qe7 20.Bc3 Rd6 21.Qc2 Rad8 22.Rfd1 Bg5
23.Rb1 Ncb4 24.Bxb4 Nxb4 25.Qc5 Nd5 26.Qc2 g6 27.g3 h5 28.Bf3 b6 29.Re1 Qd7
30.Qd3 a5 31.Nd2 Nb4 32.Qe2 Bxd2 33.Qxd2 Rxd4 34.Qg5 Rc8 35.a3 Rc5 36.Qh6 Nd3
37.Red1 Ne5 38.Qe3 Rd3 39.Rxd3 Qxd3 40.Qxd3 Nxd3 41.Kf1 Rc2 42.Be4 Rxf2+
43.Kg1 Rd2 44.b4 axb4 45.Bxd3 Rxd3 46.Rxb4 Rxa3 47.Rxb6 Ra2  0-1

[Event "Open B"]
[Site "Zagreb CRO"]
[Date "2009.03.21"]
[Round "1"]
[White "Valkovic,K"]
[Black "Petrovic,Zv"]
[Result "0-1"]
[WhiteElo "1994"]
[BlackElo "2256"]

1.e4 c5 2.c3 Nf6 3.e5 Nd5 4.d4 e6 5.Nf3 Nc6 6.c4 Nde7 7.d5 Nb8 8.d6 Ng6 9.Bd3 Nc6
10.Bxg6 hxg6 11.Nc3 a6 12.Be3 b6 13.Qc2 Bb7 14.a3 Rh5 15.Qe4 Qb8 16.Nd5 Nxe5
17.Nxe5 exd5 18.cxd5 Qxd6 19.Nc6+ Be7 20.Bf4 Qf6 21.Qxe7+ Qxe7+ 22.Nxe7 Kxe7
23.d6+ Kf8 24.O-O g5 25.Be3 f5 26.f3 f4 27.Bf2 Rh6 28.Rfd1 Rc8 29.Rac1 Rc6
30.Rd5 Rg6 31.Rcd1 g4 32.fxg4 Rxg4 33.g3 Kg8 34.Rf5 Rg6 35.Rfd5 Rc8 36.Re5 Rf8
37.b4 cxb4 38.axb4 Bc6 39.Rd3 fxg3 40.Bxg3 Rf4 41.Rc3 Rd4 42.Kf2 Rdxd6 43.Re8+ Kf7
44.Bxd6 Kxe8 45.Bc7 a5 46.bxa5 bxa5 47.Bxa5 Rg2+ 48.Ke3 Rxh2 49.Kf4 Rh5 50.Bc7 Kf7
51.Rg3 g6 52.Bd8 Rf5+ 53.Kg4 Bd5 54.Re3 Be6 55.Kg3 Ke8 56.Bc7 Ke7 57.Re1 Rc5
58.Bb6 Rc4 59.Be3 Kf6 60.Rf1+ Bf5 61.Rd1 Ke5 62.Re1 Rc3 63.Kh4 Rd3 64.Bb6+ Be4
65.Bc7+ d6 66.Rf1 Rd2 67.Rf8 Rh2+ 68.Kg3 Rg2+ 69.Kh3 Rc2 70.Bb8 Bf5+ 71.Kg3 Rc3+
72.Kf2 Rd3 73.Re8+ Be6 74.Ke2 Rb3 75.Rd8 Bd7 76.Rg8 Bg4+ 77.Kf2 Bf5 78.Re8+ Kd5
79.Rd8 Rb6 80.Kg3 Ke6 81.Ba7 Rb3+ 82.Kf4 Rb4+ 83.Kg3 Ke7 84.Rg8 Ra4 85.Bb6 Rc4
86.Ba7 d5 87.Kf3 d4 88.Kf4 d3+ 89.Ke3 Re4+ 90.Kxd3 Kf7 91.Rh8 Re8+  0-1

[Event "TCh-BEL 2008-9"]
[Site "Belgium BEL"]
[Date "2009.03.22"]
[Round "11"]
[White "Henris,L"]
[Black "Van Heirzeele,D"]
[Result "1/2-1/2"]
[WhiteElo "2251"]
[BlackElo "2207"]

1.e4 c5 2.c3 Nf6 3.e5 Nd5 4.d4 cxd4 5.Nf3 e6 6.cxd4 d6 7.Bc4 Nc6 8.O-O Be7
9.Qe2 O-O 10.Nc3 Nxc3 11.bxc3 dxe5 12.dxe5 Qa5 13.Rb1 Qxc3 14.Rb5 Nd4 15.Nxd4 Qxd4
16.Rd1 Qh4 17.Rb3 f5 18.exf6 Qxf6 19.Bb2 Qf7 20.Rxb7 Kh8 21.Rc7 Rb8 22.Ba3 Rb7
23.Bxe6 Qxe6 24.Qxe6 Bxe6 25.Rxe7 Rxe7 26.Bxe7 Re8 27.Bc5 Bxa2 28.Bxa7 Bb3
29.Rb1 Rd8 30.Kf1 Rd1+ 31.Rxd1 Bxd1 32.Ke1 Ba4 33.f4 h5 34.Kf2 g6 35.Kg3 Bc6
36.Kh3 Kg7 37.Bd4+ Kf7 38.g3 Ke6 39.Kh4 Kf5 40.Be3 Bg2 41.Bd4 Bf1 42.Be3 Bg2
43.Bc5 Bf1 44.Bd6 Bg2 45.h3 Bf3 46.Be7 Bd1  1/2-1/2

[Event "25th Spring Festival"]
[Site "Budapest HUN"]
[Date "2009.03.22"]
[Round "3"]
[White "Radnai,A"]
[Black "Ngo Tan,Do"]
[Result "1-0"]
[WhiteElo "2286"]
[BlackElo "1929"]

1.e4 c5 2.c3 Nf6 3.e5 Nd5 4.Bc4 Nb6 5.Bb3 c4 6.Bc2 Nc6 7.Nf3 e6 8.b3 Qc7
9.Qe2 cxb3 10.axb3 Nb4 11.Be4 N4d5 12.O-O d6 13.c4 Nf4 14.Qe3 Ng6 15.Nc3 Nxe5
16.Nxe5 dxe5 17.Nb5 Qb8 18.Qxb6 axb6 19.Rxa8 Qxa8 20.Nc7+ Kd7 21.Nxa8 Bc5
22.b4 Bd4 23.Ba3 f5 24.Bc2 Kd6 25.Nxb6 Bxb6 26.c5+ Kc7 27.cxb6+ Kxb6 28.Bb2 e4
29.Bxg7 Rg8 30.Be5 Kb5 31.d3 exd3 32.Bxd3+ Kxb4 33.Rb1+ Kc5 34.Rc1+ Kd5 35.f4 b5
36.Bxb5 Bb7 37.Be2 Ke4 38.Bf3+ Ke3 39.Rc3+ Kd2 40.Bxb7 h5 41.Kf2 h4 42.Rc8 Rg6
43.Rd8+ Kc2 44.Rh8 h3 45.g3 Kd3 46.Bf3 Kd2 47.Bh5 Rg4 48.Bxg4 fxg4 49.Rxh3 gxh3
50.g4 Kd3 51.g5 Ke4 52.g6 Kf5 53.g7 Kg4 54.g8=Q+ Kf5 55.Qh7+ Kg4 56.Qg6+ Kh4
57.Qg5+  1-0